| 000 | 00449nam a2200157 i 4500 | ||
|---|---|---|---|
| 001 | 40112 | ||
| 003 | ES-MaACL | ||
| 005 | 20230906160138.0 | ||
| 007 | t| | ||
| 008 | 030305s1971 sp ||||1| spa d | ||
| 100 | 1 |
_aCañabate Navarro, Eduardo. _934711 |
|
| 245 | 1 | 3 |
_aLa minería en Cartagena / _cEduardo Cañabate Navarro. |
| 260 |
_aCartagena : _bAthenas, _c[1971] |
||
| 300 |
_a109 p., 3 lám. ; _c20 cm. |
||
| 852 |
_aES-MaACL _jC-49017 _bR.77911 |
||
| 999 |
_c40112 _d40112 |
||